000 00654nam a2200229 a 4500
001 24365
003 CO-ViMGA
008 141112s2004 ck r 000 u spa d
020 _a9789587055849
040 _aCO-ViMGA
_bspa
_cCO-ViMGA
041 _aSPA
090 _aA MAG
100 1 _aMagallanes, Alejandro, 1971 -
_935750
245 1 0 _aYo veo /
_cAlejandro Magallanes
250 _a1a ed., 2a reimp.
260 _aMéxico :
_bSM,
_c2010
300 _a36 p. : il.col.
650 1 4 _aADIVINANZAS VISUALES - LIBROS DE IMAGENES
_935751
650 1 4 _aDESDE LOS 3 AÑOS
_935752
650 1 4 _aLEER ES MI CUENTO - COLECCION 2011
_935753
942 _2ddc
_cBK
999 _c2262
_d2262